[Event "Budapest Spring Festival 2018"]
[Site "Budapest"]
[Date "2018.04.22"]
[Round "5"]
[White "Hauge, Lars Oskar"]
[Black "Kulkarni, Rakesh"]
[Result "0-1"]
[WhiteElo "2441"]
[BlackElo "2390"]
[Annotator "TA"]
[PlyCount "60"]
[EventDate "2018.??.??"]
[EventType "swiss"]
[EventCountry "HUN"]
[SourceTitle "playchess.com"]
[Source "ChessBase"]
[SourceQuality "1"]

{[%evp 13,60,47,79,43,44,50,77,70,77,73,83,62,70,64,76,66,82,0,0,7,0,0,-13,-50,-39,-305,-279,-260,-215,-226,-195,-195,-181,-193,-187,-691,-681,-814,-804,-813,-793,-868,-862,-845,-814,-1509,-1436,-1206,-1173]} 1. e4 c5 2. Nf3 e6 3. Nc3 a6 4. d4 cxd4 5. Nxd4 Qc7 6. Qf3 {B43: Sicilian: Kan Variation: 5 Nc3} (6. Be2 Nf6 7. O-O Be7 8. f4 d6 9. Kh1 O-O 10. Be3 Nc6 11. Qe1 Nxd4 12. Bxd4 b5 13. Qg3 Bb7 14. a3 Rad8 15. Bd3 Rfe8 16. Rae1 Qd7 17. Nd1 Nh5 18. Qg4 e5 19. Qxh5 exd4 20. Nf2 g6 21. Qh6 Bf8 22. Qh4 Be7 {1-0 (63) Kravtsiv,M (2672)-Fedorchuk,S (2648) Riadh 2017}) 6... b5 7. Bf4 d6 {LiveBook: 3 Games} 8. e5 $146 {White is better.} ({Predecessor:} 8. O-O-O Bb7 9. Bxb5+ axb5 10. Ndxb5 Qd7 11. Bxd6 Bxd6 12. Nxd6+ Kf8 13. Qe3 Nf6 {1-0 (39) Polivanov,A (2399)-Kalinina,O (2337) Vinnitsa 2016}) 8... d5 9. Bd3 Bb7 10. O-O Nd7 {[%cal Bb8d7,Bd7c5,Bc5d3][%mdl 32]} 11. Rfe1 b4 12. Nce2 Ne7 13. Qh3 Nc5 14. Rac1 Qd7 15. c3 (15. Bd2 $16) 15... Nxd3 $11 16. Qxd3 Ng6 $1 17. h4 Nxh4 18. Bg3 Ng6 $1 19. Nf5 $2 {[%mdl 8192]} (19. f4 $15) 19... exf5 $19 20. Nd4 Be7 {aiming for ...f4.} 21. e6 fxe6 22. Nxe6 {[#]} f4 $1 23. cxb4 {Black must now prevent Rc7.} (23. Nxf4 Nxf4) 23... fxg3 24. Qxg3 $2 (24. Rc7 Qd6 25. Rxb7 gxf2+ 26. Kxf2) 24... Rc8 {Hoping for ...Rxc1.Black is clearly winning.} 25. Qg4 Rxc1 26. Rxc1 Bc8 27. Qf5 Bf6 ({Not} 27... Qxe6 28. Rxc8+ Kd7 {[#]} 29. Rc7+ $1 {[%mdl 512]} Kd6 30. Rc6+ $1 {[%mdl 512]} Kxc6 31. Qxe6+ Bd6 32. Qe3 $11) 28. Re1 {[#]} Ne5 $1 {...Qd6 is the strong threat.} 29. Rxe5 Bxe5 30. Qh5+ Qf7 {Precision: White = 29%, Black = 58%.} 0-1

[Event "Budapest Spring Festival 2018"]
[Site "Budapest"]
[Date "2018.04.22"]
[Round "5"]
[White "Bryzgalin, Kirill"]
[Black "Popovics, Adam"]
[Result "1/2-1/2"]
[WhiteElo "2440"]
[BlackElo "2380"]
[Annotator "TA"]
[PlyCount "92"]
[EventDate "2018.??.??"]
[EventType "swiss"]
[EventCountry "HUN"]
[SourceTitle "playchess.com"]
[Source "ChessBase"]
[SourceQuality "1"]

{[%evp 9,92,9,4,0,6,7,14,-22,0,0,-5,-5,12,2,2,-2,33,39,54,55,55,43,33,39,24,22,36,33,29,34,38,39,36,32,36,14,39,39,47,45,56,38,61,61,82,76,191,191,191,191,191,194,187,179,164,149,212,88,82,56,45,49,54,60,62,60,64,35,35,3,3,3,3,3,3,4,4,0,0,0,0,0,0,0,0]} 1. Nf3 Nf6 2. d4 g6 3. e3 Bg7 4. b4 d6 5. Bb2 e5 (5... Nbd7 6. c4 O-O 7. Be2 e5 8. O-O Qe7 9. Nc3 Re8 10. Re1 h5 11. a4 e4 12. Nd2 Nf8 13. a5 a6 14. b5 N8h7 15. Nb3 Bg4 16. c5 d5 17. c6 bxc6 18. bxc6 {0-1 (37) Philippe,G (2319)-Kerigan,D (2318) Wachtebeke 2017}) 6. dxe5 {A48: 1 d4 Nf6 2 Nf3 g6: Torre, London and Colle Systems} Nfd7 7. c4 $146 ({Predecessor:} 7. Be2 O-O 8. O-O Nxe5 9. Nxe5 dxe5 10. c4 Bf5 11. Nc3 Nd7 12. e4 Be6 {½-½ (39) Hoch,H (2210)-Wemhoener,W (1946) ICCF email 2006}) 7... Nc6 8. Nc3 Ndxe5 9. Nxe5 Nxe5 10. Be2 a5 11. b5 Be6 12. Nd5 c6 13. Nf4 O-O 14. Nxe6 fxe6 15. O-O cxb5 16. cxb5 d5 17. Rc1 Nf3+ 18. Bxf3 Bxb2 19. Rc2 Be5 20. Bg4 Qd6 21. g3 Rac8 22. Qc1 Qd7 23. Rd1 Rxc2 24. Qxc2 Qf7 25. Rd2 Re8 26. e4 Bg7 27. Re2 e5 (27... Qd7 $16 {keeps fighting.}) 28. exd5 $18 Qxd5 {[#]} 29. Rd2 $1 {[%cal Rd2d5]} Qf7 30. Rd7 Qf6 31. Rxb7 {Hoping for b6.} e4 32. Qc6 Qe5 (32... Rf8 $16 {is a better defense.} 33. Qxf6 Bxf6) 33. Bd7 (33. Be2 $18 {and White stays clearly on top.}) 33... Rf8 $16 34. Qe6+ Kh8 35. Qxe5 Bxe5 $14 {[%mdl 4096] Endgame KRB-KRB} 36. Be6 {aiming for Rd7.} Rf6 37. Bd5 {[#] Strongly threatening b6.} Bd4 38. Rf7 {And now Rxf6 would win.} (38. Bxe4 {seems wilder.} Rxf2 39. Kh1 Rxa2 40. b6 Re2 41. Rb8+) 38... Bxf2+ 39. Kf1 (39. Kg2 $5 {[%cal Rf7f6]} Rxf7 40. Bxf7 $16) 39... Rxf7 {The position is equal.} 40. Bxf7 $11 {KB-KB} Bb6 41. Bd5 e3 $1 42. Ke2 Kg7 43. a4 Kf6 44. h4 h6 45. Be4 g5 46. hxg5+ hxg5 {Precision: White = 54%, Black = 50%.} 1/2-1/2

[Event "Budapest Spring Festival 2018"]
[Site "Budapest"]
[Date "2018.04.22"]
[Round "5"]
[White "Gavrilescu, David"]
[Black "Ivanisevic, Ivan"]
[Result "0-1"]
[WhiteElo "2436"]
[BlackElo "2562"]
[Annotator "TA"]
[PlyCount "88"]
[EventDate "2018.??.??"]
[EventType "swiss"]
[EventCountry "HUN"]
[SourceTitle "playchess.com"]
[Source "ChessBase"]
[SourceQuality "1"]

{[%evp 14,88,15,0,0,-13,7,-10,-11,-9,-6,-12,-10,-9,0,-18,-25,-26,-26,-37,-16,-30,-19,-32,-24,-35,-29,-43,-14,-8,-15,-18,0,0,0,0,15,0,0,-65,-65,-65,15,-30,-35,-277,-275,-263,-314,-303,-300,-281,-253,-359,-346,-306,-262,-500,-389,-380,-356,-604,-591,-700,-828,-833,-814,-806,-800,-1565,-1467,-12823,-10000,-6535,-29980,-5801,-5597]} 1. e4 c6 2. Nc3 d5 3. Nf3 dxe4 4. Nxe4 Nf6 5. Nxf6+ exf6 6. Bc4 Qe7+ 7. Qe2 Qxe2+ 8. Kxe2 {LiveBook: 4 Games. B11: Caro-Kann: Two Knights Variation} Bd6 $146 ({Predecessor:} 8... Be6 9. b3 Nd7 10. Re1 Nb6 11. Bxe6 fxe6 12. d4 Kf7 13. c4 Bb4 14. Bd2 Bxd2 15. Kxd2 Rhd8 16. Kc3 Rac8 17. Rad1 Rc7 18. Nd2 Nc8 19. Ne4 b6 20. Rd3 Rcd7 21. Red1 {½-½ (21) Horvath,A (2515)-Antal,G (2562) Hungary 2015}) 9. h3 Nd7 10. d4 {The position is equal.} Nb6 11. Bb3 a5 {[#] ...a4 is the strong threat.} 12. a4 Be6 13. Bxe6 fxe6 14. Re1 Kf7 15. Kf1 Rhd8 16. c3 Nd5 17. Be3 b5 18. Nd2 Be7 19. Ke2 Rdb8 {next ...bxa4 is good for Black.} 20. Kd3 Rb7 21. Kc2 Nb6 22. b3 Nd5 23. Ne4 h6 24. Bd2 g5 25. g4 Rd7 26. Re2 (26. Nc5 $11 Bxc5 27. dxc5) 26... b4 $1 $15 27. c4 Nc7 (27... Nf4 $1 $15 28. Bxf4 gxf4) 28. Be3 f5 29. Nc5 $2 {[#]} ({White must play} 29. Nd2 $15) 29... Bxc5 $1 $19 30. dxc5 f4 31. Rd2 Rad8 32. Rxd7+ Rxd7 {[%mdl 4096] Endgame KRB-KRN} 33. Bd2 (33. Bc1 {was forced.}) 33... Na6 34. Re1 Nxc5 35. Re2 $2 (35. Re5 Nxb3 36. Kxb3 Rxd2 37. Rxa5) 35... Kf6 36. Bc1 {If White can now play Bb2+ this consolidates a bit.} Nd3 37. Bd2 $2 (37. Rd2 Ne1+ 38. Kd1 Rxd2+ 39. Bxd2) 37... e5 38. f3 Nc5 39. Bc1 Rd3 40. Bb2 Re3 41. Rxe3 fxe3 {[%cal Bf4e3,Be3e2][%mdl 32]} 42. Bc1 e2 43. Bd2 e4 44. fxe4 Ke5 {Precision: White = 41%, Black = 59%.} 0-1

[Event "Budapest Spring Festival 2018"]
[Site "Budapest"]
[Date "2018.04.22"]
[Round "5"]
[White "Barski, Radoslaw"]
[Black "Maiorov, Nikita"]
[Result "0-1"]
[WhiteElo "2432"]
[BlackElo "2543"]
[Annotator "TA"]
[PlyCount "114"]
[EventDate "2018.??.??"]
[EventType "swiss"]
[EventCountry "HUN"]
[SourceTitle "playchess.com"]
[Source "ChessBase"]
[SourceQuality "1"]

{[%evp 22,114,0,0,0,0,1,0,11,-5,11,0,4,-23,-37,-35,8,13,33,14,51,48,56,33,42,0,0,0,0,0,0,0,0,0,0,0,0,0,0,0,0,0,9,0,41,10,51,16,70,17,109,-196,-185,-275,-272,-243,-98,-230,-95,-81,-81,-219,-204,-190,-186,-206,-214,-445,-209,-222,-22,-34,-8,-25,-25,-323,-339,-323,-329,-316,-324,-337,-326,-279,-229,-470,-459,-477,-494,-663,-638,-582,-561,-1895,-1791]} 1. e4 e5 2. Nf3 Nc6 3. Bb5 Nf6 4. d3 Bc5 5. Nbd2 d6 6. O-O O-O 7. c3 Ne7 {C65: Ruy Lopez: Berlin Defence (3...Nf6), unusual lines and 4 0-0 Bc5} 8. d4 exd4 9. cxd4 Bb6 10. Re1 Bg4 11. h3 Bh5 12. Qb3 {LiveBook: 14 Games} d5 13. e5 Nd7 {[%cal Bf6d7,Bd7f8,Bf8e6][%mdl 32]} 14. a4 {[#] Hoping for Bxd7.} c6 $146 ({Predecessor:} 14... a5 15. Qd1 {0-1 (53) Topalov,V (2816)-Caruana,F (2808) Saint Louis 2015}) 15. Bd3 Re8 16. Qc2 Nf8 17. g4 Bg6 18. Nb3 Ne6 19. a5 Bc7 $1 20. Ng5 b6 21. Nxe6 fxe6 22. Bg5 {Threatens to win with axb6.} Qd7 23. Rac1 Bxd3 24. Qxd3 Ng6 25. f4 Bd8 26. Bxd8 Raxd8 27. Rf1 Rf8 28. Qg3 Rf7 29. Rc2 Rdf8 {[%cal Rf7f4]} 30. Rcf2 Ne7 31. Qe3 g6 {[%cal Bg7g6,Bg6g5][%mdl 32]} 32. Kh2 Kh8 33. Kg3 Rg7 34. Qc3 h5 (34... Qc8 $11) 35. Qb4 ({White should try} 35. axb6 $14 axb6 36. Qb4) 35... Qd8 (35... Qc7 $11 {remains equal.}) 36. Rc1 $2 {[%mdl 8192]} (36. axb6 $16 {Strongly threatening Nc5.} axb6 37. Nd2) 36... g5 $1 $19 {[%cal Rg5f4] And now ...gxf4+ would win.} 37. f5 (37. Qd6 $142 gxf4+ 38. Rxf4 Nf5+ 39. Rxf5 $1 {[%mdl 512]} exf5 40. Qxd8 Rxd8 41. axb6) 37... exf5 38. Qd6 f4+ (38... Qc8 $19 {has better winning chances.} 39. Qh6+ Rh7 40. Qxg5 Rff7 41. axb6 hxg4 42. hxg4 Rfg7) 39. Kf3 (39. Kg2 $17) 39... hxg4+ (39... Qc8 $19 {and Black stays clearly on top.} 40. axb6 axb6) 40. hxg4 $17 Rh7 $1 {...Qc8 is the strong threat.} 41. Kg2 (41. Rcc2 $17) 41... Qc8 $19 ({Weaker is} 41... bxa5 42. Nc5 $15) 42. e6 Rf6 43. Re1 Qf8 $1 $40 {[%cal Rf8h6][%mdl 128] Black attacks with force.} 44. Rff1 $2 (44. Rh1 {was forced.} Rfh6 45. Qe5+ Qg7 46. Rxh6 Rxh6 47. Qb8+ Qg8 48. Qe5+ Kh7 49. Re2) 44... Kg8 ({Less strong is} 44... Qh6 45. Rh1 $15) (44... Rfh6 $142 45. Qe5+ Qg7 46. axb6 axb6) 45. Rh1 {[#]} Rfh6 $2 ({Better is} 45... f3+ $1 $19 46. Kf2 Rf4 47. Rxh7 Kxh7) 46. Rxh6 $11 Rxh6 47. axb6 axb6 {White must now prevent ...Rh4.} 48. Ra1 $2 {[%mdl 8192]} (48. Nd2 $11) 48... Ng6 $19 49. Qxf8+ Kxf8 {[%mdl 4096] Endgame KRN-KRN} 50. Ra6 Nh4+ 51. Kf2 Rxe6 52. Rxb6 {[#]} f3 $1 53. Nc1 $2 (53. Kf1 Re4 54. Rxc6) 53... Re4 {Black is clearly winning.} 54. Rxc6 Rxd4 55. Ke3 Rxg4 56. Nd3 Re4+ 57. Kd2 g4 {Precision: White = 31%, Black = 49%.} 0-1

[Event "Budapest Spring Festival 2018"]
[Site "Budapest"]
[Date "2018.04.22"]
[Round "5"]
[White "Toth, Ervin"]
[Black "Donchenko, Alexander"]
[Result "0-1"]
[WhiteElo "2427"]
[BlackElo "2574"]
[Annotator "TA"]
[PlyCount "70"]
[EventDate "2018.??.??"]
[EventType "swiss"]
[EventCountry "HUN"]
[SourceTitle "playchess.com"]
[Source "ChessBase"]
[SourceQuality "1"]

{[%evp 11,70,0,18,0,16,-2,1,0,0,0,2,-33,10,-45,-6,-6,-15,-10,-6,-55,0,-2,22,-14,-6,-62,-26,-70,-58,-63,-50,-93,-93,-123,-114,-151,-128,-238,-242,-228,-262,-266,-220,-506,-300,-474,-237,-443,-213,-668,-641,-605,-615,-957,-939,-1010,-990,-1369,-1262,-1283,-1245]} 1. d4 Nf6 2. c4 e6 3. Nc3 Bb4 4. f3 c5 5. d5 d6 6. e4 b5 {LiveBook: 15 Games. E20: Nimzo-Indian: 4 g3 and 4 f3} (6... O-O 7. Nge2 b5 8. Ng3 exd5 9. cxd5 a6 10. a4 Ba5 11. Be2 Nbd7 12. O-O c4 13. Kh1 Rb8 14. axb5 axb5 15. Nf5 Nc5 16. Rxa5 Qxa5 {1-0 (37) Mamedyarov,S (2772)-Li,R (2577) chess.com INT 2017}) 7. Bd2 a6 8. a4 $146 ({Find the theoretical novelty and annotate with similar games:} 8. Bd3 Nbd7 9. a3 bxc4 10. Bxc4 Bxc3 11. Bxc3 Nb6 12. dxe6 fxe6 13. Ba2 O-O 14. Ne2 {1-0 (45) Gerard,N (2215)-De Sousa,J (2285) France 1996}) 8... Ba5 {The position is equal.} 9. axb5 axb5 10. Kf2 b4 11. Nce2 O-O 12. Ng3 (12. g4 $11) 12... Re8 13. b3 Nbd7 14. Be2 Ne5 15. h3 exd5 (15... Ra7 $15) 16. exd5 $11 Ng6 17. f4 Bd7 18. Bf3 ({Better is} 18. Nf3 $11) 18... Nh4 19. N1e2 Nxf3 20. gxf3 Bb6 21. Be3 Qe7 $36 {[%mdl 2048] White is under strong pressure.} 22. Qd2 Ra3 $1 {[%cal Ra3b3]} 23. Rxa3 bxa3 24. f5 {[#]} (24. b4 $17) 24... Ba5 $1 $19 {[%cal Ra5d2][%mdl 512]} 25. Qd3 {[#]} (25. Qxa5 Qxe3+) 25... Nh5 $1 {[%mdl 512] Strongly threatening ...Nxg3.} 26. f6 (26. Nxh5 Bxf5) 26... Nxf6 {Threatens to win with ...Nh5!} 27. Rg1 $2 (27. Bf4) 27... Kh8 28. h4 (28. Ra1 $142 Bb4 29. Bf4) 28... h6 (28... a2 $142 29. Bd2 Bb4 30. Bxb4 cxb4) 29. Bf4 $2 {[#]} (29. Bc1 {was necessary.}) 29... Bb4 ({Weaker is} 29... Bh3 30. Rh1 $19) (29... Nh5 $142 $1 {[%mdl 512]} 30. Nxh5 Qxh4+ 31. Nhg3 {[#]} Rxe2+ $1 {[%mdl 512]} 32. Qxe2 Qxf4) 30. Nc3 $2 (30. Rh1) 30... Ng4+ {Black is clearly winning.} 31. fxg4 {g5 is the strong threat.} Qf6 32. Nce2 {Hoping for g5.} Bxg4 33. Kg2 a2 34. Ne4 Qf5 35. N2g3 Qxf4 {Precision: White = 25%, Black = 39%.} 0-1

[Event "Budapest Spring Festival 2018"]
[Site "Budapest"]
[Date "2018.04.22"]
[Round "5"]
[White "Nguyen, Piotr"]
[Black "Antal, Gergely"]
[Result "1/2-1/2"]
[WhiteElo "2415"]
[BlackElo "2534"]
[Annotator "TA"]
[PlyCount "84"]
[EventDate "2018.??.??"]
[EventType "swiss"]
[EventCountry "HUN"]
[SourceTitle "playchess.com"]
[Source "ChessBase"]
[SourceQuality "1"]

{[%evp 13,84,-6,23,15,17,21,31,43,28,22,77,55,68,22,104,-35,-46,-38,-29,-44,-38,-29,-35,-90,-85,-82,-77,-132,-162,-113,-133,-117,-116,-125,-114,-121,-117,-126,-109,-116,-84,-89,-92,-94,-93,-90,-84,-69,-79,-58,-24,-44,-49,-49,0,0,0,0,0,0,0,0,0,-8,-8,-12,-10,-35,-18,-25,-1,-38,0]} 1. f4 d5 2. Nf3 Nf6 3. g3 g6 4. Bg2 Bg7 5. O-O O-O 6. d3 c6 7. Nc3 Nbd7 {LiveBook: 9 Games. A03: Bird's Opening with 1...d5} 8. a4 Re8 $146 ({Predecessor:} 8... Qc7 9. e4 dxe4 10. dxe4 e5 11. f5 h6 12. fxg6 fxg6 {½-½ (51) Vanek,T (2292)-Voloshin,L (2437) Nachod 2009}) 9. e4 dxe4 {The position is equal.} 10. dxe4 e5 11. f5 b5 (11... Qa5 $11 {remains equal.}) 12. axb5 cxb5 13. Kh1 Qb6 (13... Bb7 $11 {keeps the balance.}) 14. Nh4 (14. fxg6 $16 fxg6 15. Nd5) 14... Bb7 $15 15. Qe2 b4 16. Be3 $1 {[%cal Re3b6]} Qc6 $1 17. Nd5 $1 a5 {aiming for ...Ba6.} 18. Rf2 (18. Rfd1 $15) 18... Nxd5 $17 19. exd5 Qa6 20. b3 ({Reject} 20. fxg6 hxg6 21. Qf1 (21. Qf3 Nf6 $17) 21... Qxf1+ 22. Raxf1 Rf8 $15) (20. Qxa6 $142 Rxa6 21. Kg1) 20... Qxe2 21. Rxe2 e4 22. Rd1 a4 23. bxa4 Rxa4 24. Bh3 {[#] fxg6 is the strong threat.} Rd8 $1 25. d6 Ra1 26. Ree1 Rxd1 (26... Ra6 {seems wilder.} 27. Kg1 Bf6 28. fxg6 hxg6 29. Rf1 Kg7) 27. Rxd1 Bc6 28. Ng2 Ba4 29. Ne1 Bc3 30. Bd2 Bxd2 31. Rxd2 Nf6 32. Rd4 Bd7 33. Rxb4 Bxf5 34. Bxf5 gxf5 $15 {[%mdl 4096] Endgame KRN-KRN} 35. Ng2 Rxd6 36. Ne3 {[#] And now Rb8+ would win.} Rd7 37. Rb8+ Kg7 {Hoping for ...Ng4.} 38. Nxf5+ Kg6 39. Nh4+ Kg5 40. Kg2 Rd2+ 41. Kh3 Nd7 42. Re8 Kf6 {Precision: White = 57%, Black = 62%.} 1/2-1/2

[Event "Budapest Spring Festival 2018"]
[Site "Budapest"]
[Date "2018.04.22"]
[Round "5"]
[White "Yankelevich, Lev"]
[Black "Korpa, Bence"]
[Result "1/2-1/2"]
[WhiteElo "2411"]
[BlackElo "2499"]
[Annotator "TA"]
[PlyCount "136"]
[EventDate "2018.??.??"]
[EventType "swiss"]
[EventCountry "HUN"]
[SourceTitle "playchess.com"]
[Source "ChessBase"]
[SourceQuality "1"]

{[%evp 13,136,20,24,22,25,28,16,7,29,6,30,12,12,22,8,0,0,0,0,0,24,0,30,31,32,27,19,14,33,6,51,55,42,0,54,-148,-166,-143,-64,-61,-62,-73,-71,-54,-47,-53,-39,-81,-90,-127,-72,-108,-114,-106,-54,-57,-52,-79,-67,-83,-8,-72,-42,-58,-45,-72,-72,-78,-78,-78,-78,-92,-78,-87,-87,-87,-78,-93,-95,-100,-100,-100,-100,-100,-100,-100,-100,-100,-100,-118,-96,-118,-87,-91,-58,-58,-58,-58,-58,-58,-58,-58,-58,-58,-58,-66,-8,-46,-45,-73,-73,-80,-8,-8,-8,-87,-8,-87,-8,-8,0,-87,-8,-8,-8]} 1. d4 Nf6 2. c4 e6 3. Nf3 d5 4. g3 dxc4 5. Bg2 Bb4+ 6. Bd2 a5 7. Qc2 {E04: Open Catalan: 5 Nf3} (7. O-O O-O 8. Bg5 h6 9. Bxf6 Qxf6 10. a3 Bd6 11. Nc3 Nc6 12. Rc1 e5 13. d5 Nd4 14. Nxd4 exd4 15. Ne4 {0-1 (66) Ding,L (2777)-Wang,H (2709) Huaian 2017}) 7... b6 {LiveBook: 10 Games} 8. O-O Ra7 $146 ({Predecessor:} 8... O-O 9. Bg5 Bb7 10. Qxc4 Nbd7 11. Ne5 Bxg2 12. Kxg2 Nxe5 13. dxe5 Qd5+ 14. Qxd5 Nxd5 15. e4 Ne7 16. Rc1 Ng6 17. Rxc7 {0-1 (38) Kezin,R (2455)-Khismatullin,D (2628) Sochi 2017}) 9. Nc3 {White has an edge.} Bxc3 10. bxc3 Bb7 11. Rfe1 Ne4 12. Qa4+ Nd7 13. Qxc4 O-O 14. Bf4 Qa8 15. Qd3 c5 16. Bf1 Rc8 17. Rec1 Ba6 18. Qd1 Ndf6 19. Ng5 Rd7 20. Nxe4 Nxe4 21. Qb3 Qa7 22. Rab1 b5 23. Be3 Rdc7 (23... a4 $11 24. Qb2 Nd6) 24. Bf4 $2 (24. dxc5 $1 $14 Nxc5 25. Qa3) 24... cxd4 $17 25. cxd4 Rxc1 ({Black should play} 25... Rc3 $1 $17 {[%cal Rc3b3]} 26. Qd1 b4) 26. Rxc1 $15 Rxc1 27. Bxc1 Qxd4 28. Be3 Qd7 29. Qc2 Bb7 30. Bb6 a4 31. Bg2 f5 (31... Nd2 $142 32. Ba5 Nc4 33. Bxb7 Qxb7) 32. Bxe4 Bxe4 33. Qc1 b4 (33... Bd5 $1 $17 34. Qc2 h6) 34. f3 Bd5 35. Qd2 Qd6 36. Bf2 Qa6 (36... a3 $17 37. e4 fxe4 38. fxe4 b3 39. axb3 (39. exd5 $2 b2 $19) 39... a2 40. Qxa2 Bxe4) 37. Bd4 (37. e4 $11 fxe4 38. fxe4) 37... Qc4 38. Qe3 Qc7 ({But not} 38... Qxa2 $2 39. Qe5 $18) 39. Be5 Qb7 40. Qd2 h6 41. h4 Kh7 42. Kf2 a3 43. Bd4 Qb5 44. Ba1 Qc5+ 45. Qd4 Qxd4+ 46. Bxd4 Bxa2 $17 {[%mdl 4096] Endgame KB-KB} 47. Bc5 Bc4 {Threatens to win with ...a2.} 48. Bxb4 a2 49. Bc3 g5 50. hxg5 hxg5 51. Ke1 Kg6 52. Kd2 Kf7 53. e4 f4 54. gxf4 gxf4 55. Kc1 Kg6 {Hoping for ...Kg5.} 56. Kb2 Kg5 {Strongly threatening ...Kh4.} 57. Be5 Be2 58. Kxa2 Bxf3 59. Kb2 Bxe4 (59... Bh5 $15 60. Kc3 f3) 60. Kc3 $1 $11 Kf5 61. Kd4 Bd5 62. Bc7 Kg4 (62... Bb3 $17) 63. Bd6 Ba2 64. Bc7 (64. Ke4 $1 $11 {keeps the balance.}) 64... Bb1 (64... Kf5 $1 $17) 65. Bd6 {[#]} (65. Ke5 $11) 65... Kg3 ({Better is} 65... Kf5 $1 $17) 66. Bc7 Kg4 (66... Bf5 $11) 67. Bd6 $17 {[#]} f3 ({Black should try} 67... Kf5 $1 $17) 68. Ke3 $11 Bf5 {Precision: White = 51%, Black = 42%.} 1/2-1/2

[Event "Budapest Spring Festival 2018"]
[Site "Budapest"]
[Date "2018.04.22"]
[Round "5"]
[White "Nitin, S."]
[Black "Marszalek, Maciej"]
[Result "1-0"]
[WhiteElo "2408"]
[BlackElo "2289"]
[Annotator "ChessBase"]
[PlyCount "57"]
[EventDate "2018.??.??"]
[EventType "swiss"]
[EventCountry "HUN"]
[SourceTitle "playchess.com"]
[Source "ChessBase"]
[SourceQuality "1"]
[TimeControl "40/5400+30:1800+30"]

1. e4 {[%emt 0:00:25]} c5 {[%emt 0:00:38]} 2. Nf3 {[%emt 0:00:23]} e6 {[%emt 0:00:06]} 3. d4 {[%emt 0:00:08]} cxd4 {[%emt 0:00:09]} 4. Nxd4 {[%emt 0:00:07]} a6 {[%emt 0:00:05]} 5. Nc3 {[%emt 0:00:53]} Qc7 {[%emt 0:00:05]} 6. Bd3 {[%emt 0:00:12]} Nf6 {[%emt 0:03:18]} 7. f4 {[%emt 0:00:32]} d6 {[%emt 0:01:27]} 8. Qe2 {[%emt 0:01:27]} Nc6 {[%emt 0:02:51]} 9. Nxc6 {[%emt 0:01:37]} bxc6 {[%emt 0:02:34]} 10. O-O {[%emt 0:01:00]} d5 {[%emt 0:04:33]} 11. Kh1 {[%emt 0:00:45]} Be7 {[%emt 0:00:58]} 12. Bd2 {[%emt 0:04:17]} Rb8 {[%emt 0:18:09]} 13. b3 {[%emt 0:01:02]} a5 {[%emt 0:04:21]} 14. Rae1 {[%emt 0:00:56]} g6 {[%emt 0:02:54]} 15. exd5 {[%emt 0:02:26]} cxd5 {[%emt 0:00:24]} 16. f5 {[%emt 0:02:31]} gxf5 {[%emt 0:04:19]} 17. Bxf5 {[%emt 0:09:09]} Rb4 {[%emt 0:01:50]} 18. Nb5 {[%emt 0:02:30]} Qc5 {[%emt 0:03:28]} 19. Bxb4 {[%emt 0:05:06]} axb4 {[%emt 0:00:15]} 20. Bd3 {[%emt 0:00:15]} Ne4 {[%emt 0:05:20]} 21. c4 {[%emt 0:03:55]} bxc3 {[%emt 0:01:44]} 22. Bxe4 {[%emt 0:00:37]} dxe4 {[%emt 0:00:11]} 23. Nxc3 {[%emt 0:00:50]} f5 {[%emt 0:06:13]} 24. Nxe4 {[%emt 0:00:53]} Qd5 {[%emt 0:02:03]} 25. Qh5+ {[%emt 0:00:39]} Kf8 {[%emt 0:00:09]} 26. Ng5 {[%emt 0:04:57]} Bxg5 {[%emt 0:00:29]} 27. Qxg5 {[%emt 0:00:06]} Rg8 {[%emt 0:00:15]} 28. Qf6+ {[%emt 0:00:38]} Ke8 {[%emt 0:00:03]} 29. Rf2 {[%emt 0:00:24]} 1-0

[Event "Budapest Spring Festival 2018"]
[Site "Budapest"]
[Date "2018.04.22"]
[Round "5"]
[White "Erenberg, Ariel"]
[Black "Horvath, Adam"]
[Result "0-1"]
[WhiteElo "2406"]
[BlackElo "2486"]
[Annotator "TA"]
[PlyCount "82"]
[EventDate "2018.??.??"]
[EventType "swiss"]
[EventCountry "HUN"]
[SourceTitle "playchess.com"]
[Source "ChessBase"]
[SourceQuality "1"]

{[%evp 13,82,4,21,0,0,-7,-13,-14,-2,-15,-32,-31,-11,-89,-79,-108,-111,-166,-150,-147,-162,-153,-150,-223,-210,-201,-172,-218,-182,-228,-189,-266,-268,-262,-254,-299,-296,-299,-303,-354,-362,-386,-377,-411,-405,-414,-403,-399,-399,-421,-379,-481,-422,-477,-466,-412,-389,-463,-463,-448,-458,-528,-499,-645,-652,-902,-895,-1049,-1044,-979,-940]} 1. d4 Nf6 2. c4 e6 3. Nc3 Bb4 4. f3 O-O 5. a3 Bxc3+ 6. bxc3 Ne8 7. Nh3 {E27: Nimzo-Indian: Sämisch: 5...0-0 6 f3} b6 {LiveBook: 10 Games} 8. Nf2 $146 ({Find the theoretical novelty and annotate with similar games:} 8. e4 Nc6 9. Bd3 Ba6 10. Qe2 Qh4+ 11. Nf2 Na5 12. O-O Nd6 13. g3 Qe7 14. e5 Ndxc4 15. Qe4 f5 16. exf6 gxf6 17. Bh6 f5 18. Bxf8 fxe4 19. Bxe7 exd3 20. Nxd3 {½-½ (40) Fridman,D (2633)-Schlosser,P (2582) Baden-Baden 2014}) 8... Ba6 9. e4 {The position is equal.} Nc6 10. Bd3 Na5 11. Qe2 c5 12. d5 Nd6 {[%cal Ra6c4]} 13. e5 (13. dxe6 $1 $11 dxe6 14. e5) 13... exd5 $17 14. cxd5 ({Not} 14. exd6 $2 Re8 $19) 14... Bxd3 15. Nxd3 {[#]} (15. Qxd3 $17 Qe7 16. Bf4) 15... Qh4+ $1 $19 16. Nf2 Qc4 17. Qxc4 Ndxc4 18. f4 (18. Nd3 $17) 18... d6 19. exd6 Rad8 20. O-O Rxd6 21. f5 Nb3 22. Ra2 (22. Bf4 {keeps fighting.} Rxd5 23. Rad1 Rxd1 24. Rxd1) 22... Nxc1 (22... Rxd5 23. f6 $19) 23. Rxc1 Re8 ({Don't play} 23... Rxd5 24. f6 $19) 24. g4 Rxd5 25. a4 {[#]} h5 $1 {[%cal Bh7h5,Bh5h4][%mdl 544]} 26. h3 (26. gxh5 Rxf5) 26... h4 27. Raa1 Re3 28. Rd1 Rde5 29. Rd3 Rxd3 30. Nxd3 {[%mdl 4096] Endgame KRN-KRN} Re3 31. Nf4 Rf3 32. Nh5 g6 33. Nf6+ Kg7 34. Ne8+ Kf8 35. fxg6 fxg6 {Black is clearly winning.} 36. Nc7 Rxh3 37. Rd1 Rg3+ 38. Kf2 Ne3 39. Rd7 Nxg4+ 40. Kf1 h3 41. Ne6+ Kg8 {Precision: White = 40%, Black = 82%.} 0-1